[Event "Frauenbundesliga 1st Div 2010-11"]
[Site "Germany GER"]
[Date "2011.02.20"]
[Round "9.3"]
[White "Korenova,M"]
[Black "Kulovana,E"]
[Result "0-1"]
[WhiteElo "2232"]
[BlackElo "2350"]

1.d4 d5 2.c4 c6 3.Nf3 Nf6 4.g3 a6 5.Bg2 b5 6.b3 Bf5 7.O-O e6 8.Nbd2 Be7 9.Bb2 O-O
10.Ne5 Qb6 11.c5 Qc7 12.f3 h6 13.e4 Bh7 14.Qe2 a5 15.a4 b4 16.Rac1 Qb7 17.Rfe1 Bd8
18.Qf2 Nbd7 19.Nd3 Bc7 20.Bf1 Kh8 21.e5 Ng8 22.Nf4 Rae8 23.Bh3 Bd8 24.Nf1 Bg5
25.Ne3 Bxf4 26.gxf4 f5 27.exf6 Rxf6 28.Nxd5 cxd5 29.c6 Qc7 30.cxd7 Qxd7 31.Rc5 Qd8
32.Bc1 Bf5 33.Bxf5 Rxf5 34.Rc6 Qd7 35.Qc2 Nf6 36.Rc7 Qd8 37.Rxe6 Rf8 38.Rec6 Ng8
39.Qg2 R5f7 40.Rxf7 Rxf7 41.Qc2 Re7 42.Kf2 Re8 43.Kg3 Re1 44.Qf5 Ne7 45.Qc2 Nxc6
46.Qxc6 Qe8 47.Qxe8+ Rxe8 48.f5 Rc8 49.Bf4 Rc3 50.Kf2 Rxb3 51.Bc7 Ra3  0-1

[Event "ch-FRA Blitz 2011"]
[Site "Nice FRA"]
[Date "2011.02.20"]
[Round "4"]
[White "Maze,S"]
[Black "Bauer,Ch"]
[Result "0-1"]
[WhiteElo "2571"]
[BlackElo "2633"]

1.d4 d5 2.Nf3 c6 3.c4 dxc4 4.Nc3 b5 5.g3 Bb7 6.Bg2 e6 7.Ne5 f6 8.Nf3 Nd7
9.O-O Ne7 10.e4 Ng6 11.h4 Bb4 12.h5 Ne7 13.a3 Bxc3 14.bxc3 Nb6 15.Nh2 O-O
16.h6 g6 17.Ng4 Nd7 18.a4 f5 19.Ne5 Nxe5 20.dxe5 fxe4 21.Ba3 Qxd1 22.Rfxd1 Nd5
23.Bxf8 Kxf8 24.Bxe4 Ke7 25.Bxd5 exd5 26.Rd4 c5 27.Rf4 b4 28.Rb1 a5 29.Rf6 Ra6
30.Rf4 Re6 31.f3 Rxe5 32.Kf2 Bc6 33.Rc1 Re6 34.g4 Rf6 35.Rxf6 Kxf6 36.f4 Bd7
37.Kf3 Bc6 38.Kf2 Bd7 39.Kf3 Be6 40.Rc2 d4 41.cxd4 Bd5+ 42.Ke3 c3 43.Rc1 c4
44.Ke2 Bc6 45.Kd1 Bxa4+ 46.Ke2 Bc6 47.Ra1 a4 48.g5+ Kf7 49.d5 Bd7 50.Kd1 a3
51.Kc2 Bf5+ 52.Kd1 b3 53.Rxa3 b2  0-1

[Event "ch-FRA Blitz 2011"]
[Site "Nice FRA"]
[Date "2011.02.20"]
[Round "8"]
[White "Coutton,S"]
[Black "Feller,S"]
[Result "1-0"]
[WhiteElo "2165"]
[BlackElo "2657"]

1.d4 d5 2.c4 dxc4 3.Nf3 c6 4.e4 b5 5.a4 Nf6 6.axb5 cxb5 7.b3 Nxe4 8.bxc4 e6
9.c5 Bxc5 10.Bxb5+ Bd7 11.Bxd7+ Qxd7 12.dxc5 Nxf2 13.Ke2 Nxh1 14.Nbd2 O-O
15.Nc4 Nc6 16.Be3 f6  1-0

[Event "TCh-SVK Extraliga 2010-11"]
[Site "Slovakia SVK"]
[Date "2011.02.20"]
[Round "6.8"]
[White "Jablonicky,F"]
[Black "Magat,Jozef"]
[Result "1-0"]
[WhiteElo "2161"]
[BlackElo "2062"]

1.Nf3 Nf6 2.d4 d5 3.c4 c6 4.Nbd2 Bf5 5.g3 e6 6.Nh4 Bg6 7.Nxg6 hxg6 8.Bg2 Nbd7
9.O-O Qc7 10.e4 dxe4 11.Nxe4 Nxe4 12.Bxe4 Nf6 13.Bg2 Rd8 14.Be3 Bc5 15.Qa4 Bxd4
16.Bxd4 Rxd4 17.Qxa7 Rd7 18.Qa3 c5 19.Qa8+ Qd8 20.Bxb7 Qxa8 21.Bxa8 Ke7 22.Bg2 Rb8
23.Rfb1 Rd4 24.b3 Ne4 25.Bxe4 Rxe4 26.a4 Ra8 27.a5 Rd4 28.b4 cxb4 29.Rxb4 Ra7
30.a6 Kd7 31.Rb7+ Rxb7 32.axb7 Kc7 33.Rb1 Kb8 34.c5 Rc4 35.Rb5 g5 36.Kf1 g4
37.Ke2 f6 38.Kd3 Rc1 39.Kd4 Rd1+ 40.Kc3 Rh1 41.Rb6  1-0

[Event "TCh-SVK Extraliga 2010-11"]
[Site "Slovakia SVK"]
[Date "2011.02.20"]
[Round "6.3"]
[White "Michenka,J"]
[Black "Federic,J"]
[Result "1/2-1/2"]
[WhiteElo "2372"]
[BlackElo "2283"]

1.d4 d5 2.c4 c6 3.Nf3 Nf6 4.Nbd2 e6 5.g3 Bd6 6.Bg2 Nbd7 7.O-O O-O 8.Qc2 Re8
9.Re1 e5 10.cxd5 cxd5 11.dxe5 Nxe5 12.Nxe5 Rxe5 13.Nf3 Rh5 14.Be3 Bf5 15.Qb3 Qd7
16.Bd4 Be4 17.Rac1 Ne8 18.Red1 b6 19.Qc3 Rd8 20.Qc6 Qe7 21.Qa4 Bb8 22.Rc3 Nd6
23.Rdc1 Rh6 24.Be3 Rg6 25.Qb4 Qe8 26.Nh4 Re6 27.Bh3 Re7 28.Bf4 Nc4 29.Bxb8 Rxb8
30.Qb3 Rd8 31.a4 h6 32.Qa2 g5 33.Ng2 Bxg2 34.Bxg2 Rxe2 35.Bxd5 Re1+ 36.Kg2 Rxd5
37.Qxc4 Rxc1 38.Qxd5 Rxc3 39.bxc3 Qxa4 40.Qd6 Qe4+ 41.Kg1 Kg7 42.Qa3 a5 43.h3 Qc4
44.Qa1 a4 45.g4 b5 46.Qb2 Qb3 47.Qd2 Qb1+ 48.Kh2 Qe4 49.Qb2 Qe5+ 50.Kg1 f6
51.Qb4 Kf7 52.c4 Qa1+ 53.Kg2 bxc4 54.Qxc4+ Ke7 55.Qc7+ Ke6 56.Qc6+ Ke7 57.Qc7+ Ke6  1/2-1/2

[Event "61st ch-RUS w 1st League"]
[Site "Ivanovo RUS"]
[Date "2011.02.23"]
[Round "3"]
[White "Belenkaya,D"]
[Black "Bezgodova,S"]
[Result "1-0"]
[WhiteElo "2092"]
[BlackElo "2195"]

1.d4 Nf6 2.Nf3 c6 3.Nbd2 d5 4.c4 e6 5.e3 Bd6 6.Bd3 Nbd7 7.O-O O-O 8.e4 dxe4
9.Nxe4 Nxe4 10.Bxe4 f5 11.Bc2 b6 12.Re1 Qf6 13.c5 bxc5 14.dxc5 Bxc5 15.Rxe6 Qd8
16.Bb3 Kh8 17.Ng5 Qc7 18.Nxh7 Bxf2+ 19.Kxf2 Qxh2 20.Nxf8 Nc5 21.Ng6+ Kh7
22.Bf4  1-0

[Event "Lviv Talents FIDE open"]
[Site "Lviv UKR"]
[Date "2011.02.23"]
[Round "1.6"]
[White "Polulikh,Bogdan"]
[Black "Zelinsky,A"]
[Result "0-1"]
[WhiteElo "1832"]
[BlackElo "2094"]

1.d4 Nf6 2.Nf3 d5 3.c4 c6 4.g3 dxc4 5.Qc2 b5 6.Bg2 a5 7.a4 Ra6 8.Bf4 Nd5
9.Bxb8 Nb4 10.Qe4 f5 11.Qe5 Nc2+ 12.Kf1 Nxa1 13.axb5 cxb5 14.Qxb5+ Qd7 15.Nc3 Qxb5
16.Nxb5 Kf7 17.Ne5+ Kf6 18.Nc7 e6 19.Nxc4 Nb3 20.Nxa6 Bxa6 21.Be5+ Kg6 22.Ne3 Nd2+
23.Kg1 Bxe2 24.f4 Bd3 25.Kf2 Ne4+ 26.Bxe4 Bxe4 27.Rc1 Be7 28.Rc7 Bf6 29.Nc4 Rb8
30.Rc5 Rb4 31.Ke2 a4 32.Bxf6 gxf6 33.Kd2 Rb3 34.Ra5 Bc6 35.Kc1 Rb4 36.Rc5 Be4
37.Kd2 Bd5 38.Kc3 Rb3+ 39.Kd2 Be4 40.Ra5 Rd3+ 41.Kc1 Bc6 42.Rc5 Bd5 43.Nb6 Bb3
44.Kb1 Rxd4 45.Rc1 e5 46.fxe5 fxe5 47.Na8 Rd2 48.h4 Rg2 49.Rc3 Rg1+ 50.Rc1 Rxg3
51.Nc7 f4 52.Nb5 e4 53.Nd6 Re3 54.Rg1+ Kf6 55.Kc1 f3 56.Kd2 Rd3+  0-1

[Event "Elitzur Winter GM"]
[Site "Petach Tikva ISR"]
[Date "2011.02.24"]
[Round "2"]
[White "Kudischewitsch,D"]
[Black "Baron,Ta"]
[Result "0-1"]
[WhiteElo "2348"]
[BlackElo "2468"]

1.d4 d5 2.c4 c6 3.Nf3 Nf6 4.Qb3 dxc4 5.Qxc4 Bf5 6.g3 e6 7.Bg2 Be7 8.O-O Nbd7
9.e3 O-O 10.Nc3 b5 11.Qe2 b4 12.Nb1 Rc8 13.Rd1 c5 14.Nbd2 Bc2 15.Re1 cxd4
16.Nxd4 Ne5 17.N2f3 Bd3 18.Qd1 Nxf3+ 19.Bxf3 Be4 20.Bxe4 Nxe4 21.f3 Nd6 22.a3 e5
23.Nc2 b3 24.Nb4 e4 25.Qxb3 Qb6 26.Qd1 Rfd8 27.Nd5 Qb7 28.fxe4 Nxe4 29.Nxe7+ Qxe7
30.Qe2 Qe5 31.Rf1 Rc6 32.Rb1 Rg6 33.Rf4 h5 34.Qc4 Rd1+ 35.Kg2 Re6 36.b4 g5
37.Rf3 h4 38.g4 Nd2 39.Qc8+ Re8 40.Qd7 Qxh2+  0-1

[Event "31st TCh-IND 2011"]
[Site "Kochi IND"]
[Date "2011.02.25"]
[Round "6"]
[White "Thejkumar,M"]
[Black "Arun Prasad,S"]
[Result "0-1"]
[WhiteElo "2457"]
[BlackElo "2513"]

1.d4 d5 2.c4 c6 3.Nf3 Nf6 4.Qc2 dxc4 5.e4 Bg4 6.Bxc4 e6 7.Be3 Nbd7 8.Nc3 Bxf3
9.gxf3 a6 10.O-O-O b5 11.Be2 Rc8 12.Kb1 c5 13.d5 exd5 14.Nxd5 Nxd5 15.Rxd5 Qc7
16.f4 Nf6 17.Rdd1 Be7 18.e5 Nd7 19.Rhg1 g6 20.h4 c4 21.h5 Nf8 22.Bg4 Rb8
23.f5 Rg8 24.e6 fxe6 25.fxg6 hxg6 26.hxg6 Bf6 27.g7 Rxg7 28.Bh5+ Ke7 29.b4 Rxg1
30.Bc5+ Qxc5 31.bxc5 Rg5 32.Bf3 Rxc5 33.Qd2 Rbc8 34.Qd6+ Kf7 35.Qxa6 R8c7
36.Qd6 Rc8 37.Rh1 c3 38.Kc2 Rg5 39.Rd1 Rf5 40.Qg3 Rc4 41.Bg4 Rfc5 42.f4 Rb4
43.f5 Rb2+ 44.Kd3 c2 45.fxe6+ Ke7 46.Qb8 cxd1=Q+ 47.Bxd1 Rc3+  0-1

[Event "TCh-BEL 2010-11"]
[Site "Eupen BEL"]
[Date "2011.02.27"]
[Round "9.1"]
[White "Vaganian,R"]
[Black "Horvath,Cs1"]
[Result "1-0"]
[WhiteElo "2577"]
[BlackElo "2529"]

1.d4 d5 2.c4 c6 3.Nf3 Nf6 4.Qb3 dxc4 5.Qxc4 Bf5 6.Nc3 e6 7.g3 Nbd7 8.Bg2 Be7
9.O-O O-O 10.e3 b5 11.Qe2 b4 12.Na4 Qa5 13.b3 Qb5 14.Re1 Rac8 15.Bb2 Qxe2
16.Rxe2 Bd3 17.Rd2 Bb5 18.Rc1 Bxa4 19.bxa4 a5 20.Rdc2 Nb6 21.Ne5 c5 22.Nc6 Rfe8
23.Nxe7+ Rxe7 24.Rxc5 Rxc5 25.dxc5 Nxa4 26.c6 Ne8 27.Be5 f6 28.c7 Nb6 29.Bd4 Nc8
30.Bb7 Ned6 31.Ba6 e5 32.Bb2 Kf7 33.a3 Ke6 34.Rc5 Kd7 35.Rxa5 Kxc7 36.axb4 Na7
37.Bd3 Nc6 38.Ra4 e4 39.Be2 Re8 40.b5 Rb8 41.Bxf6 gxf6 42.bxc6 Kxc6 43.Ra7 Rh8
44.Kg2 Kd5 45.g4 Ke6 46.Bd1 Kd5 47.Bb3+ Kc6 48.Ba4+ Kc5 49.Rc7+ Kb4 50.Bc2 h5
51.Rc6 Nc4 52.Rxf6 Rg8 53.Rf4  1-0

[Event "TCh-SUI 2011"]
[Site "Switzerland SUI"]
[Date "2011.02.27"]
[Round "1.6"]
[White "Rosenthal,Jon"]
[Black "Domont,A"]
[Result "1/2-1/2"]
[WhiteElo "2335"]
[BlackElo "2364"]

1.d4 d5 2.c4 c6 3.Nf3 dxc4 4.e3 b5 5.a4 e6 6.axb5 cxb5 7.b3 Bb4+ 8.Bd2 Bxd2+
9.Nbxd2 Nf6 10.bxc4 bxc4 11.Bxc4 O-O 12.O-O Nc6 13.Qa4 Bb7 14.Rfc1 Nd5 15.Bxd5 Qxd5
16.Rab1 Nd8 17.Rc7 a6 18.e4 Bc6 19.Qa3 Qh5 20.Rb6 a5 21.Rcxc6 Nxc6 22.Rxc6 Rfc8
23.Qc3 Rxc6 24.Qxc6 Rb8 25.d5 exd5 26.exd5 Qg6 27.h3 Qxc6 28.dxc6 Kf8 29.Nd4 a4
30.Kf1 a3 31.N2b3 Ke7 32.c7 Ra8 33.Nb5 Kd7 34.Ke2 a2 35.Na1 Ra5 36.Nc3 Kxc7
37.Kd3 Kd6 38.Kc4 Ke5 39.g3 h5 40.Kb3 Kd4 41.Nc2+ Kd3 42.Ne1+ Kd2 43.Nf3+ Kd3
44.Ne1+ Kd2 45.Nf3+ Kd3  1/2-1/2

[Event "31st TCh-IND 2011"]
[Site "Kochi IND"]
[Date "2011.02.28"]
[Round "9"]
[White "Thejkumar,M"]
[Black "Purushothaman,T"]
[Result "1-0"]
[WhiteElo "2457"]
[BlackElo "2252"]

1.d4 d5 2.Nf3 Nf6 3.c4 c6 4.Qc2 g6 5.Bf4 dxc4 6.Qxc4 Bg7 7.Nc3 b5 8.Qb3 a5
9.e3 a4 10.Qc2 a3 11.b3 O-O 12.Rc1 Qa5 13.Be2 Bf5 14.Bd3 Bxd3 15.Qxd3 Nd5
16.Bxb8 Raxb8 17.O-O Nb4 18.Qd2 c5 19.Nd5 e6 20.Nxb4 cxb4 21.Rc5 Rfc8 22.Rfc1 Rxc5
23.Rxc5 Bf8 24.Rc6 Qd8 25.Qc2 Qd5 26.e4 Qh5 27.h3 Qh6 28.Kf1 Qf4 29.Ke2 Rd8
30.Qd3 Qb8 31.g3 Rc8 32.Qc2 Rd8 33.e5 Qb7 34.Rc7 Qd5 35.Qc6 Qxc6 36.Rxc6 Be7
37.Kd3 h5 38.Nd2 f6 39.f4 Kf7 40.Rc7 f5 41.Nf3 Ke8 42.Ng5 Bxg5 43.fxg5 Rd7
44.Rc6 Ke7 45.h4 Rd5 46.Rc8 Rd7 47.Ke3 Kf7 48.Rc5 Rb7 49.d5 exd5 50.Kd4 Rd7
51.Rc6 Rd8 52.e6+ Kg7 53.Rc7+ Kg8 54.Rd7 Rf8 55.Kxd5 Re8 56.Ke5 Rf8 57.e7 Re8
58.Kf6 f4 59.Rd8  1-0

[Event "Brunei IM1 2011"]
[Site "Bandar Seri Begawan BRU"]
[Date "2011.03.03"]
[Round "9"]
[White "Barbosa,O PHI"]
[Black "Hj,Sulaiman Hj Md Baharuddin"]
[Result "1/2-1/2"]
[WhiteElo "2461"]
[BlackElo "2223"]

1.d4 d5 2.c4 c6 3.Nf3 Nf6 4.Qc2 e6 5.g3 Be7 6.Bg2 O-O 7.O-O Nbd7 8.Nbd2 b6
9.e4 dxe4 10.Nxe4 Bb7 11.Rd1 Qc8 12.Bf4 Nxe4 13.Qxe4 Re8 14.Ne5 Nf6 15.Qf3 h6
16.Nxc6 Bxc6 17.Qxc6 Qa6 18.b3 Rac8 19.Qf3 Qa5 20.Qb7 Qa3 21.Bc6 Red8 22.c5 Rxc6
23.Qxc6 Nd5 24.Rac1 Qb2 25.Qb7 bxc5 26.dxc5 Bg5 27.Bxg5 hxg5 28.c6  1/2-1/2

[Event "Brunei IM2 2011"]
[Site "Bandar Seri Begawan BRU"]
[Date "2011.03.04"]
[Round "1"]
[White "Vakhidov,J"]
[Black "Ahmad,Md"]
[Result "1-0"]
[WhiteElo "2295"]
[BlackElo "2100"]

1.d4 d5 2.c4 c6 3.Nf3 Nf6 4.Qc2 e6 5.cxd5 exd5 6.Nc3 Bd6 7.Bg5 O-O 8.e3 Re8
9.Bd3 h6 10.Bh4 b6 11.O-O-O Bb7 12.g4 g5 13.Bg3 Qc7 14.Bxd6 Qxd6 15.h4 Nxg4
16.hxg5 hxg5 17.Rdg1 Bc8 18.Bf5 Bxf5 19.Qxf5  1-0

[Event "27th Open"]
[Site "Cappelle la Grande FRA"]
[Date "2011.03.04"]
[Round "8.19"]
[White "Kanep,M"]
[Black "Sharapov,E"]
[Result "0-1"]
[WhiteElo "2531"]
[BlackElo "2468"]

1.d4 d5 2.c4 c6 3.Nf3 Nf6 4.Qb3 dxc4 5.Qxc4 Bf5 6.g3 e6 7.Bg2 Be7 8.O-O O-O
9.Nc3 Nbd7 10.Re1 Ne4 11.Qb3 Qb6 12.Nh4 Bxh4 13.gxh4 Ndf6 14.f3 Nxc3 15.bxc3 Qc7
16.e4 Bg6 17.Re2 Nh5 18.Rf2 Rad8 19.f4 Nf6 20.f5 exf5 21.exf5 Bh5 22.Bf4 Qe7
23.Rff1 Rfe8 24.Bg3 Be2 25.Rae1 Qd7 26.Rf4 Bd3 27.Rxe8+ Rxe8 28.Qa3 a6 29.Qc5 Be4
30.c4 Bxg2 31.Kxg2 Ne4 32.Qb6 Nd6 33.Qc5 Ne4 34.Qb6 h5 35.a4 Nd2 36.Qb4 Re2+
37.Rf2 Qe8 38.Qxd2 Rxd2 39.Rxd2 Qe3  0-1

[Event "Brunei IM2 2011"]
[Site "Bandar Seri Begawan BRU"]
[Date "2011.03.07"]
[Round "7"]
[White "Vakhidov,J"]
[Black "Nguyen Anh Dung"]
[Result "1/2-1/2"]
[WhiteElo "2295"]
[BlackElo "2479"]

1.c4 Nf6 2.d4 c6 3.Nf3 d5 4.Qc2 dxc4 5.Qxc4 Bf5 6.Nc3 e6 7.g3 Nbd7 8.Bg2 Be7
9.O-O O-O 10.Re1 Ne4 11.Qb3 Qb6 12.Nh4 Qxb3 13.axb3 Bb4 14.Nxf5 exf5 15.Bxe4 fxe4
16.Bd2 Rfe8 17.Nxe4 Rxe4 18.Bxb4 Rxd4 19.Bc3 Rd6 20.Red1 Rxd1+ 21.Rxd1 Nf8
22.f4 Re8 23.Kf2  1/2-1/2

[Event "ch-PriFO A"]
[Site "Tolyatti RUS"]
[Date "2011.03.10"]
[Round "1.30"]
[White "Zaynutdinov,I"]
[Black "Ostanin,V"]
[Result "0-1"]
[WhiteElo "2002"]
[BlackElo "2316"]

1.d4 d5 2.c4 c6 3.Nf3 Nf6 4.Qc2 dxc4 5.e4 b5 6.b3 cxb3 7.axb3 e6 8.Bd2 Bb7
9.Bd3 Nbd7 10.b4 Be7 11.O-O h6 12.Bc3 Nb6 13.Nbd2 Na4 14.Rxa4 bxa4 15.Qxa4 O-O
16.Nb3 c5 17.bxc5 Bxe4 18.Ba5 Qb8 19.Bxe4 Nxe4 20.Ne5 Re8 21.Nc6 Qf4 22.g3 Qf5
23.Nxa7 Qd5 24.f3 Nxc5 25.Nxc5 Bxc5 26.dxc5 Qxc5+ 27.Kg2 Qxa7 28.Ra1 Qe3
29.Qd1 Qe5 30.Qa4 Reb8  0-1

[Event "ch-Southern FR Men"]
[Site "Armavir RUS"]
[Date "2011.03.12"]
[Round "1"]
[White "Pushkov,N"]
[Black "Kudrin,O"]
[Result "1-0"]
[WhiteElo "2424"]
[BlackElo "2019"]

1.Nf3 d5 2.d4 Nf6 3.c4 c6 4.Qb3 dxc4 5.Qxc4 Bf5 6.Nc3 Nbd7 7.g3 h6 8.Bg2 e6
9.O-O Be7 10.Qb3 Qb6 11.Qxb6 Nxb6 12.Ne5 Nbd5 13.Re1 Bb4 14.Bd2 Bxc3 15.bxc3 Ne4
16.Bxe4 Bxe4 17.f3 Bh7 18.e4 Nb6 19.a4 f6 20.a5 fxe5 21.axb6 a6 22.dxe5 O-O-O
23.Ra2 Rd3 24.Re3 Rxe3 25.Bxe3 Rd8 26.Kf2 Bg6 27.Bd4 Kd7 28.Bc5 Ke8 29.Bd6 Kf7
30.Ke3 Kg8 31.g4 Be8 32.h4 g6 33.f4 Kg7 34.f5 Bf7 35.Ra1 Kh7 36.Bc7 Rd7 37.Rxa6  1-0

[Event "TCh-FIN 2010-11"]
[Site "Helsinki FIN"]
[Date "2011.03.12"]
[Round "8.6"]
[White "Salo,H"]
[Black "Pohjala,H"]
[Result "1/2-1/2"]
[WhiteElo "2254"]
[BlackElo "2245"]

1.d4 d5 2.c4 c6 3.Nf3 Nf6 4.Qc2 e6 5.g3 Bd6 6.Bg2 O-O 7.O-O Nbd7 8.Nbd2 Re8
9.b3 b6 10.Bb2 Bb7 11.e4 dxe4 12.Nxe4 Nxe4 13.Qxe4 Qc7 14.Ng5 Nf6 15.Qh4 e5
16.Rfe1 exd4 17.Bxd4 Be5 18.Nf3 Bxd4 19.Nxd4 Rxe1+ 20.Rxe1 Re8 21.Rxe8+ Nxe8
22.Nf5 f6 23.Qe4 Kf8 24.Nd4 Qd7 25.h4 c5 26.Qxb7 Qxb7 27.Bxb7 cxd4 28.Kf1 Ke7
29.Ke2 Kd6 30.b4 g5 31.Be4 h6 32.f4 gxh4 33.gxh4 Ng7 34.Bg6 Ne6 35.Kf3 a5
36.a3 axb4 37.axb4 Nc7 38.Ke4 Na6 39.b5 Nc5+ 40.Kxd4 Ke6 41.Bc2 f5 42.Ke3  1/2-1/2

[Event "ch-FRA Blitz 2011"]
[Site "Nancy FRA"]
[Date "2011.03.12"]
[Round "9"]
[White "Fressinet,L"]
[Black "Bauer,Ch"]
[Result "1-0"]
[WhiteElo "2693"]
[BlackElo "2633"]

1.d4 d5 2.Nf3 c6 3.c4 dxc4 4.e3 Be6 5.Be2 Nf6 6.O-O c5 7.Nc3 Nc6 8.Ng5 Bd7
9.d5 Na5 10.e4 h6 11.Nxf7 Kxf7 12.e5 Bf5 13.exf6 exf6 14.Bg4 Qd7 15.Bxf5 Qxf5
16.Qa4 b6 17.Bd2 Rd8 18.Rfe1 Bd6 19.Ne4 Qxd5 20.Bxa5 bxa5 21.Rad1 Bxh2+ 22.Kxh2 Qe5+
23.Ng3 Qxb2 24.Qxc4+ Kg6 25.Qg4+ Kf7 26.Rd7+ Rxd7 27.Qxd7+ Kg6 28.Re7  1-0

[Event "ch-FRA Blitz 2011"]
[Site "Nancy FRA"]
[Date "2011.03.12"]
[Round "10"]
[White "Harikrishna,P"]
[Black "Kasimdzhanov,R"]
[Result "0-1"]
[WhiteElo "2665"]
[BlackElo "2687"]

1.d4 d5 2.c4 c6 3.Nf3 Nf6 4.Qc2 dxc4 5.Qxc4 Bg4 6.Nbd2 Nbd7 7.g3 e6 8.Bg2 Be7
9.O-O O-O 10.Qb3 Qb6 11.Nc4 Qa6 12.Re1 Rfd8 13.Bf4 Bxf3 14.Bxf3 Nb6 15.Nxb6 axb6
16.a3 b5 17.Red1 Nd5 18.Bd2 Nb6 19.e3 Rd7 20.Be2 Qa4 21.Qd3 Rad8 22.Bc3 Nd5
23.Be1 Bf6 24.Qe4 Qb3 25.Rab1 Ne7 26.Rdc1 Qa4 27.Bd3 g6 28.Qf3 Bg7 29.Be4 Nd5
30.Kg2 Nf6 31.Bc2 Qa8 32.Bb3 Nd5 33.h4 h5 34.Rd1 Ne7 35.Rbc1 Nf5 36.Bc3 Qb8
37.Ba5 Re8 38.Bc3 Qd6 39.Rd2 Qe7 40.Rcd1 Red8 41.Bb4 Qf6 42.Bc3 Qe7 43.Bc2 Bf6
44.Kg1 Bg7 45.Be4 Nd6 46.Bd3 Nc4 47.Rc2 Nd6 48.Ba5 Ra8 49.Bb4 Qe8 50.Rcc1 Nc8
51.Be2 Nb6 52.Qg2 Nd5 53.Be1 Bh6 54.Bd2 Ne7 55.Bf3 Nf5 56.Re1 Nxd4 57.Bc3 Nf5
58.Rcd1 Rad8 59.Rxd7 Rxd7 60.Be4 Bg7 61.Bxg7 Nxg7 62.Qf3 Qd8 63.Qf4 Ne8 64.Qe5 Qf6
65.Qb8 Kf8 66.Kg2 Qxb2 67.a4 Qb4 68.Bf3 Qxe1  0-1

[Event "TCh-SVK Extraliga 2010-11"]
[Site "Slovakia SVK"]
[Date "2011.03.12"]
[Round "7.3"]
[White "Motuz,K"]
[Black "Varga,Zo"]
[Result "0-1"]
[WhiteElo "2245"]
[BlackElo "2435"]

1.d4 d5 2.c4 dxc4 3.Nf3 c6 4.a4 Nf6 5.e3 Be6 6.Na3 Bd5 7.Nxc4 e6 8.Be2 c5
9.O-O cxd4 10.Nxd4 Bc5 11.b3 O-O 12.Bb2 Qe7 13.Bf3 Rd8 14.Bxd5 Nxd5 15.Qf3 Bxd4
16.Bxd4 Nc6 17.Bb2 Rd7 18.Qg3 f6 19.e4 Ndb4 20.e5 Rd3 21.exf6 Rxg3 22.fxe7 Rxb3
23.Rab1 Nd5 24.Ba3 Rc3 25.Rfc1 Rxc1+ 26.Rxc1 Ncxe7 27.Nd6 b6 28.Re1 Nc7 29.g3 Ned5
30.Re4 Rd8 31.f4 a6 32.g4 Nc3 33.Rc4 N7d5 34.f5 Nb1 35.Bb4 a5 36.Nb7 Rb8
37.Nxa5 bxa5 38.Bxa5 exf5 39.Rc5 Nb4 40.gxf5 Nd3 41.Rd5 Ra8 42.Bc7 Nb4 43.Rb5 Na6
44.Ba5 Na3 45.Rd5 Nc4 46.Bc3 Nb6 47.Rd4 Nc7 48.Rg4 Ne8 49.a5 Nd5 50.Bd2 Kf7
51.Rd4 Nec7 52.Rh4 h6 53.Rg4 Ra6 54.Re4 Rc6 55.Be1 Kf6 56.Rg4 Rc1 57.Kf2 Ne7
58.Ra4 Na6 59.Rd4 Nxf5 60.Rd8 Nc5 61.Bb4 Rc4 62.Be1 Ke7 63.Rd5 Ke6 64.Rd8 g6
65.Ke2 Rc2+ 66.Kf1 Ra2 67.h4 Ne4 68.Ra8 Ne3+ 69.Kg1 Rg2+ 70.Kh1 Re2 71.a6 Rxe1+
72.Kh2 Re2+ 73.Kh3 Rg2 74.Re8+ Kd5  0-1

[Event "TCh-SWE Elitserien 2010-11"]
[Site "Sweden SWE"]
[Date "2011.03.12"]
[Round "10"]
[White "Andersson,Fred2"]
[Black "Tikkanen,H"]
[Result "0-1"]
[WhiteElo "2292"]
[BlackElo "2507"]

1.d4 d5 2.c4 c6 3.Nf3 Nf6 4.Qc2 g6 5.Bf4 dxc4 6.Qxc4 Be6 7.Qc2 Bf5 8.Qb3 Qb6
9.Nbd2 Nbd7 10.e3 Qxb3 11.Nxb3 Nd5 12.Be5 Nxe5 13.Nxe5 Bg7 14.a3 Bxe5 15.dxe5 O-O-O
16.O-O-O Nb6 17.Be2 Nd7 18.f4 Be4 19.Rhg1 Bd5 20.Kc2 f6 21.exf6 exf6 22.Bf3 Bxf3
23.gxf3 f5 24.e4 fxe4 25.fxe4 Nf6 26.Rxd8+ Rxd8 27.Nc5 Re8 28.e5 Nd5 29.Nd3 Rf8
30.h4 Nxf4 31.Nxf4 Rxf4 32.h5 gxh5 33.Rg8+ Kd7 34.Rg7+ Ke6 35.Rxh7 h4 36.Rxb7 Rf7
37.Rb8 Rh7 38.Re8+ Kf7 39.Rd8 h3 40.Rd7+ Kg6 41.e6 Rh5 42.Rd1 h2 43.e7 Kf7
44.Re1 Ke8 45.Rh1 Kxe7 46.Kd3 Kd6 47.Kc4 Rh4+ 48.Kc3 Kc5 49.Kb3 Kb5 50.Kc3 Rh3+
51.Kd4 c5+ 52.Kd5 Rh5+ 53.Kd6 c4 54.Kc7 Ka4 55.Kb7 a5  0-1

[Event "TCh-SWE Elitserien 2010-11"]
[Site "Sweden SWE"]
[Date "2011.03.12"]
[Round "10"]
[White "Semcesen,D"]
[Black "Lindgren,P"]
[Result "1-0"]
[WhiteElo "2416"]
[BlackElo "2091"]

1.d4 d5 2.c4 c6 3.Nf3 Nf6 4.Qb3 dxc4 5.Qxc4 Bf5 6.g3 e6 7.Bg2 Nbd7 8.O-O Be7
9.Nc3 O-O 10.Qb3 Qb6 11.Nd2 e5 12.e4 exd4 13.exf5 dxc3 14.bxc3 Nc5 15.Qc2 Rad8
16.Nb3 Nd5 17.Re1 Nxb3 18.axb3 Bf6 19.Bd2 Qc5 20.Ra4 Rfe8 21.b4 Rxe1+ 22.Bxe1 Qe7
23.Bd2 Bxc3 24.Bxd5 Bxd2 25.Bb3 a6 26.b5 axb5 27.Re4 Qd6 28.Qa2 Qf6 29.Qxd2 h6
30.Qe3 Rf8 31.g4 Qd6 32.Rd4 Qf6 33.Rd7 b6 34.Rxf7  1-0

[Event "TCh-SWE Elitserien 2010-11"]
[Site "Sweden SWE"]
[Date "2011.03.12"]
[Round "10"]
[White "Bergstrom,C"]
[Black "Akbarinia,S"]
[Result "1/2-1/2"]
[WhiteElo "2383"]
[BlackElo "2306"]

1.Nf3 d5 2.d4 Nf6 3.c4 c6 4.g3 dxc4 5.Bg2 b5 6.a4 e6 7.Ne5 Nd5 8.O-O Bd6
9.e4 Nb6 10.axb5 Bxe5 11.dxe5 Qxd1 12.Rxd1 cxb5 13.Nc3 Bd7 14.Be3 Nc8 15.Ra5 a6
16.Rda1 O-O 17.Nxb5 Bxb5 18.Rxb5 axb5 19.Rxa8 Nc6 20.Bc5 N8e7 21.Ra6 Rc8
22.Rb6 b4 23.Bxe7 Nxe7 24.Rxb4 g5 25.Bf1 c3 26.bxc3 Rxc3 27.Rb5 Nc6 28.Be2 Nd4
29.Rb8+ Kg7 30.Bh5 Nf3+ 31.Bxf3 Rxf3 32.Kg2 g4 33.h3 h5 34.hxg4 hxg4 35.Rb1 Ra3
36.Rf1 Ra5 37.f4  1/2-1/2

[Event "Elitzur Winter GM"]
[Site "Petach Tikva ISR"]
[Date "2011.03.13"]
[Round "8"]
[White "Zubov,A UKR"]
[Black "Deutsch,E"]
[Result "1-0"]
[WhiteElo "2589"]
[BlackElo "2352"]

1.d4 d5 2.c4 c6 3.Nf3 dxc4 4.e3 Be6 5.a4 Nf6 6.Nc3 g6 7.e4 h6 8.Ne5 Bg7 9.a5 O-O
10.Nxc4 Bxc4 11.Bxc4 Ne8 12.Be3 Nd7 13.O-O b5 14.Bb3 a6 15.e5 Nc7 16.Qf3 c5
17.Rfd1 Qc8 18.Qg3 Kh7 19.f4 c4 20.Bc2 b4 21.Ne2 e6 22.Be4 Rb8 23.h4 f5 24.exf6 Rxf6
25.h5 Nf8 26.Qf3 Kh8 27.Rac1 Nb5 28.Bd3 Nd6 29.Bxc4 Nxc4 30.b3 Qd8 31.Rxc4 Qxa5
32.d5 Rd8 33.d6 e5 34.Rc6 e4 35.Qh3 Qxh5 36.Qxh5 gxh5 37.Rxa6 Ng6 38.Rd5 Kh7
39.f5  1-0

[Event "ch-Southern FR Men"]
[Site "Armavir RUS"]
[Date "2011.03.16"]
[Round "5"]
[White "Pushkov,N"]
[Black "Makarkin,Z"]
[Result "1-0"]
[WhiteElo "2424"]
[BlackElo "2146"]

1.d4 d5 2.Nf3 c6 3.c4 dxc4 4.e3 b5 5.a4 a5 6.b3 e6 7.bxc4 b4 8.Bb2 Nf6 9.Nbd2 c5
10.Bd3 Bb7 11.O-O Nbd7 12.Qc2 h6 13.Rfe1 Be7 14.e4 cxd4 15.e5 Ng8 16.Be4 d3
17.Qxd3 Nc5 18.Qe3 Bxe4 19.Nxe4 Qd3 20.Bd4 Qxe3 21.Rxe3 Rc8 22.Bxc5 Bxc5
23.Rd3 Ne7 24.Nd6+ Bxd6 25.exd6 Rd8 26.Ne5 Nf5 27.c5  1-0

[Event "ch-Southern FR Men"]
[Site "Armavir RUS"]
[Date "2011.03.16"]
[Round "5"]
[White "Papin,V"]
[Black "Baraeva,I"]
[Result "1-0"]
[WhiteElo "2569"]
[BlackElo "2176"]

1.d4 d5 2.c4 c6 3.Nf3 Nf6 4.Qc2 dxc4 5.Qxc4 Bg4 6.Nc3 Nbd7 7.e4 Bxf3 8.gxf3 e5
9.Be3 Nb6 10.Qd3 exd4 11.Bxd4 Be7 12.Rg1 g6 13.Qe3 Qc7 14.f4 Nbd7 15.O-O-O Rg8
16.Kb1 a6 17.Bh3 Rd8 18.e5 Nh5 19.f5 Qa5 20.f6 Bf8 21.Bxd7+ Rxd7 22.Bb6 Qb4
23.Rxd7  1-0

[Event "ch-Southern FR Men"]
[Site "Armavir RUS"]
[Date "2011.03.16"]
[Round "5"]
[White "Oganian,M"]
[Black "Kvanin,Georgi"]
[Result "1-0"]
[WhiteElo "2208"]
[BlackElo "1965"]

1.d4 d5 2.Nf3 Nf6 3.c4 c6 4.Qc2 Bg4 5.Ne5 Bh5 6.g3 Nbd7 7.Bf4 e6 8.Bg2 Rc8
9.O-O Be7 10.Nc3 O-O 11.e4 dxe4 12.Nxe4 Nxe4 13.Qxe4 Nf6 14.Qd3 Nd7 15.Nxd7 Qxd7
16.Be4 h6 17.h3 f5 18.Bg2 Bf6 19.d5 cxd5 20.cxd5 e5 21.Be3 e4 22.Qb3 b6 23.Rfc1 Rcd8
24.Bf1 Bf7 25.Rd1 Kh8 26.Bc4 Qd6 27.Bd2 a5 28.Be3 Rb8 29.Bb5 Be5 30.Be2 Rfd8
31.Rd2 Bxd5 32.Qd1 Rbc8 33.f4 Bf6 34.Rc1 Rxc1 35.Qxc1 Qe6 36.Qc7 Rd6 37.Bb5 Bd8
38.Qb8 Kh7 39.b3 Qe7 40.Rc2 Be6 41.Be2 Qd7 42.Kg2 Qe7 43.h4 Bd7 44.Qa8 Qf6
45.h5 g5 46.hxg6+ Kxg6 47.Kf2 h5 48.Rc1 h4 49.Rg1 Kf7 50.Rh1 hxg3+ 51.Kxg3 Kg7
52.Kf2 b5 53.Qb7 Qc3 54.Rh3 Bb6 55.Rg3+ Kf7 56.Bxb6 Qc2 57.Qc7  1-0

[Event "ch-PriFO A"]
[Site "Tolyatti RUS"]
[Date "2011.03.18"]
[Round "9.26"]
[White "Volodin,I"]
[Black "Glukhov,A2"]
[Result "1/2-1/2"]
[WhiteElo "2210"]
[BlackElo "2050"]

1.d4 d5 2.Nf3 Nf6 3.c4 c6 4.Qb3 dxc4 5.Qxc4 Bf5 6.g3 e6 7.Bg2 Nbd7 8.O-O Be7
9.Nc3 O-O 10.Re1 Ne4 11.Bf4 Nb6 12.Qb3 Nxc3 13.bxc3 Be4 14.Ne5 Bxg2 15.Kxg2 c5
16.dxc5 Bxc5 17.Rad1 Qe7 18.e4 Rfd8 19.a4 Qe8 20.a5 Qa4 21.Rb1 Qxb3 22.Rxb3 f6
23.axb6 fxe5 24.Bg5 Rf8 25.Be3 axb6 26.Bxc5 bxc5 27.Rxb7 Ra2 28.Rf1 Ra3 29.Rd1 Ra2
30.Rf1 Ra3 31.Rd1 Ra2 32.Rf1  1/2-1/2